000 01264nam a2200265 i 4500
001 178428
003 ES-MaACL
005 20250909174446.0
008 110527q1780 sp |||| | spa d
100 1 _aMartínez de Meneses, Antonio,
_dn. 1608-
_9146773
245 1 3 _aEl arca de Noé
_b: [comedia famosa] /
_cde Tres ingenios [Antonio Martínez de Meneses, Pedro Rosete Niño, Jerónimo Cáncer y Velasco].
260 _aBarcelona :
_bpor Francisco Suriá y Burgada, impresor, A costas de la Comapañía,
_c[ca. 1780]
300 _a[28] p. ;
_c19 cm.
530 _aDisponible en formato digital.
594 _aTít. tomado de principio del texto, autores de la B.N.
596 _aFecha de imp. deducida por tipografía.
596 _aPie de imp. tomado de colofón.
597 _aSign.: A-C4, D².
597 _aTexto a dos columnas.
700 1 _aRosete Niño, Pedro.
_9146774
700 1 _aCáncer y Velasco, Jerónimo de,
_d1599?-1655
_9146775
852 _aES-MaACL
_jD-1955(6)
_z. - Legado de M. de la Fuente
_q- Ejemplar sin port. ni cub.
_z.- Enc. en un vol. facticio
_q- Ejemp. guillotinado, afectando a la parte superior del texto
856 _uhttp://hdl.handle.net/10651/2613
_zUniversidad de Oviedo
999 _c178428
_d178428